Highway law (Record no. 103536)

MARC details
000 -LEADER
fixed length control field 01125cam a22002655a 4500
001 - CONTROL NUMBER
control field L125979
008 - FIXED-LENGTH DATA ELEMENTS--GENERAL INFORMATION
fixed length control field 040426s2004 xxk f 001 0 eng u
020 ## - INTERNATIONAL STANDARD BOOK NUMBER
International Standard Book Number 0421874902
035 ## - SYSTEM CONTROL NUMBER
System control number (Sirsi) u125979
041 ## - LANGUAGE CODE
Language code of text/sound track or separate title eng
050 04 - LIBRARY OF CONGRESS CALL NUMBER
Classification number 625.7026 $2 18
100 1# - MAIN ENTRY--PERSONAL NAME
Personal name Sauvain, Stephen
245 00 - TITLE STATEMENT
Title Highway law
250 ## - EDITION STATEMENT
Edition statement 3rd ed.
260 ## - PUBLICATION, DISTRIBUTION, ETC.
Place of publication, distribution, etc. London
Name of publisher, distributor, etc. Sweet and Maxwell
Date of publication, distribution, etc. 2004
300 ## - PHYSICAL DESCRIPTION
Extent lxxxviii, 609p.
Dimensions 24cm.
350 ## - PRICE (NR) (BK AM CF MU VM SE) [OBSOLETE]
Price 165
520 ## - SUMMARY, ETC.
Summary, etc. Gives a practical guide to the law relating to highways. Covers their creation, maintenance, development and ownership. Also considers civil liability for a failure to maintain, highway improvement and protection, and their extinguishment and diversion. Defines and addresses streets, new and private streets. Covers bridges, footpaths and bridleways, street works. In addition, the book covers the acquisition of land and compulsory purchase system.
521 2# - TARGET AUDIENCE NOTE
Target audience note Advanced
650 24 - SUBJECT ADDED ENTRY--TOPICAL TERM
Topical term or geographic name entry element COUNTRYSIDE AND RIGHTS OF WAY ACT 2000
650 24 - SUBJECT ADDED ENTRY--TOPICAL TERM
Topical term or geographic name entry element TRANSPORT ACT 2000
651 #4 - SUBJECT ADDED ENTRY--GEOGRAPHIC NAME
Geographic name United Kingdom
Chronological subdivision
690 ## - LOCAL SUBJECT ADDED ENTRY--TOPICAL TERM (OCLC, RLIN)
Topical term or geographic name as entry element PROPERTY-INFRASTRUCTURE-ROAD INFRASTRUCTURE
942 ## - ADDED ENTRY ELEMENTS (KOHA)
Suppress in OPAC 0
Holdings
Withdrawn status Lost status Source of classification or shelving scheme Damaged status Not for loan Home library Current library Shelving location Date acquired Cost, normal purchase price Total Checkouts Full call number Barcode Date last seen Date last checked out Copy number Cost, replacement price Price effective from Koha item type
    Dewey Decimal Classification     London London Books 15/02/2008 165.00 3 625.7026 SAU 30074570 06/08/2019 28/08/2009 1 165.00 06/08/2019 Book